|
|
|
|
| LEADER |
00000nam0a2200000 4500 |
| 001 |
274447 |
| 005 |
20231101234729.0 |
| 035 |
|
|
|a (RuTPU)RU\TPU\book\297657
|
| 090 |
|
|
|a 274447
|
| 100 |
|
|
|a 20141105d1985 k y0rusy5003 ca
|
| 101 |
0 |
|
|a rus
|
| 102 |
|
|
|a RU
|
| 105 |
|
|
|a y z 001zy
|
| 200 |
1 |
|
|a Дифференциальные уравнения: качественная теория
|e межвузовский сборник научных трудов
|f Рязанский государственный педагогический институт им. С. А. Есенина (РГПИ) ; под ред. И. Н. Макарова
|
| 210 |
|
|
|a Рязань
|c Изд-во Ряз. гос. пед. ун-та
|d 1985
|
| 215 |
|
|
|a 104 с.
|
| 320 |
|
|
|a Библиогр. в конце ст.
|
| 606 |
1 |
|
|a Дифференциальные уравнения
|2 stltpush
|3 (RuTPU)RU\TPU\subj\9693
|9 36875
|
| 610 |
1 |
|
|a качественная теория
|
| 610 |
1 |
|
|a устойчивость
|
| 610 |
1 |
|
|a краевые задачи
|
| 610 |
1 |
|
|a регулирование
|
| 610 |
1 |
|
|a математическая модель
|
| 610 |
1 |
|
|a динамические системы
|
| 675 |
|
|
|a 517.9
|z rus
|v 3
|
| 702 |
|
1 |
|a Макаров
|b И. Н.
|4 340
|
| 712 |
0 |
2 |
|a Рязанский государственный педагогический институт им. С. А. Есенина (РГПИ)
|2 stltpush
|3 (RuTPU)RU\TPU\col\210
|
| 801 |
|
0 |
|a RU
|b RuMRKP
|c 19960614
|g psbo
|
| 801 |
|
1 |
|a RU
|b 63413507
|c 20141105
|
| 801 |
|
2 |
|a RU
|b 63413507
|c 20170120
|g RCR
|
| 942 |
|
|
|c BK
|